000 00596nam a2200217 i 4500
001 bg
100 1 _aMAZUR, Jolanta
245 1 0 _aZarządzanie marketingiem usług /
_cJolanta Mazur.
260 _aWarszawa :
_b"Difin",
_c2002.
300 _a244 s. :
_bil. ;
_c23 cm.
504 _aBibliogr.
650 9 _aUsługi
_xmarketing
020 _a8372511209
040 _cBPK
041 0 _apl
080 _a338.46:339.138
920 _a83-7251-120-9
942 _cKS
008 s pl f |000 0 pol
999 _c41562
_d41562
856 _uhttp://koha.tu.koszalin.pl/cgi-bin/koha/opac-detail.pl?biblionumber=41562
_yKatalog online BPK